| 000 | 00000nam##2200000za#4500 |
| 001 | 9.697871 |
| 003 | CaOODSP |
| 005 | 20210624235656 |
| 007 | cr ||||||||||| |
| 008 | 150407|1982||||xxc|||||o f|0| 0 eng|d |
| 040 | |aCaOODSP|beng |
| 043 | |an-cn--- |
| 086 | 1 |aA73-5158/1982E-PDF |
| 110 | 1 |aCanada.|bAgriculture Canada. |bFood Advisory Division. |
| 245 | 10|aFood preservation practices in the home : |h[electronic resource]|ba consumer survey |
| 260 | |aOttawa - Ontario : |bAgriculture Canada. |c[1982?]. |
| 300 | |a128p.|bglossary, graph, references, tables |
| 500 | |aHistorical publication digitized by Agriculture and Agri-Food Canada. |
| 590 | |a13-17-Supp|b2013-07-25 |
| 690 | 07|aFood|2gcpds |
| 690 | 07|aFood processing|2gcpds |
| 690 | 07|aStorage|2gcpds |
| 720 | 1 |aRoberts, J. A. |
| 775 | 08|tEnquête sur les pratiques de conservation domestique des aliments |w(CaOODSP)9.641582 |
| 856 | 40|ahttp://publications.gc.ca|qPDF|s5.73 MB|uhttps://publications.gc.ca/collections/collection_2013/aac-aafc/agrhist/A73-5158-1982-eng.pdf |